[Event "Uljanovsk Povolje op"]
[Site "Uljanovsk"]
[Date "2011.08.29"]
[Round "8"]
[White "Sazonov, Anton"]
[Black "Gabunov, Fail"]
[Result "1-0"]
[WhiteElo "1956"]
[BlackElo "1872"]
[PlyCount "67"]
[EventDate "2011.08.25"]
[EventType "swiss"]
[EventRounds "9"]
[EventCountry "RUS"]
[SourceTitle "CBM 144 Extra"]
[Source "ChessBase"]
[SourceDate "2011.10.28"]
[SourceVersion "1"]
[SourceVersionDate "2011.10.28"]
[SourceQuality "1"]

1. Nf3 d5 2. c4 Nf6 3. cxd5 Nxd5 4. e4 Nb6 5. d4 Bg4 6. Be2 c6 7. Nc3 e6 8. 0-0 Be7 9. a4 a5 10. Be3 N8d7 11. Qb3 0-0 12. Rfd1 Qc7 13. Rac1 Qd6 14. Na2 Rfc8 15. g3 Bd8 16. Kg2 Qb8 17. h3 Bh5 18. Nc3 Qd6 19. Qc2 Qb4 20. b3 Bg6 21. Ne1 Qe7 22. Nd3 e5 23. dxe5 Nxe5 24. Nxe5 Qxe5 25. Rxd8+ Rxd8 26. Bxb6 Re8 27. Bd3 c5 28. Nd5 Bxe4+ 29. Bxe4 Qxe4+ 30. Qxe4 Rxe4 31. Rxc5 Re5 32. Bxa5 h6 33. Bb4 Rf5 34. Ne7+ 1-0

[Event "Uljanovsk Povolje op"]
[Site "Uljanovsk"]
[Date "2011.08.27"]
[Round "4"]
[White "Mikeev, Valery"]
[Black "Sazonov, Anton"]
[Result "0-1"]
[WhiteElo "1875"]
[BlackElo "1956"]
[PlyCount "86"]
[EventDate "2011.08.25"]
[EventType "swiss"]
[EventRounds "9"]
[EventCountry "RUS"]
[SourceTitle "CBM 144 Extra"]
[Source "ChessBase"]
[SourceDate "2011.10.28"]
[SourceVersion "1"]
[SourceVersionDate "2011.10.28"]
[SourceQuality "1"]

1. d4 Nf6 2. Nf3 e6 3. g3 c5 4. e3 b6 5. Bg2 Bb7 6. 0-0 Be7 7. c4 0-0 8. Nc3 d6 9. Re1 Qc8 10. b3 Ne4 11. Qc2 f5 12. Bb2 Nc6 13. a3 Nxc3 14. Bxc3 Bf6 15. Rac1 g6 16. h4 Ne7 17. dxc5 Be4 18. Qb2 Bxc3 19. Rxc3 bxc5 20. Rd1 Qc6 21. Ne1 Bxg2 22. Nxg2 e5 23. Qd2 Rad8 24. Rd3 Rf6 25. Qa5 Rd7 26. Qc3 Re6 27. Rc1 Rc7 28. Rcd1 Nc8 29. Qd2 Re8 30. Qc3 Rd8 31. Rd5 Rcd7 32. R5d2 Nb6 33. Rc1 Qe4 34. Ne1 f4 35. exf4 exf4 36. f3 Qe7 37. Kg2 d5 38. cxd5 Rxd5 39. Rxd5 Rxd5 40. gxf4 Qe2+ 41. Kg3 Rd2 42. Qxc5 Qh2+ 43. Kg4 Rg2+ 0-1